000 00947nam a22002891a 4500
001 36515
003 BD-RjUL
005 20211209052510.0
008 140624s1946 nyua bf 001 0 eng
035 _a(BD-RjUL)36615
035 _a(OCoLC)498615
040 _aDLC
_cODaWU
_dBD-RjUL
_beng
041 _aeng
082 _a320.973
_bMUG 1946
100 1 _aMunro, William Bennett
_d1875-1957.
_9111170
245 1 4 _aThe government of the United States :
_bnational, state, and local /
_cby William Bennett Munro.
250 _a5th ed.,
260 _aNew York :
_bMacmillan,
_c1946.
300 _aix, 887 p. :
_bill. ;
_c25 cm.
504 _aIncludes Bibliography and index.
651 0 _aUnited States
_xPolitics and government
_vHandbooks, manuals, etc.
_913587
700 1 _aZurcher, Arnold John
_d1902-
_9110018
700 1 _aSait, Edward McChesney
_d1881-1943.
_914196
942 _2ddc
_cBK
999 _c36515
_d36515